[Event "GER-ch Net Amateur Gr-A Final"]
[Site "Playchess.com INT"]
[Date "2020.04.18"]
[Round "13"]
[White "Bashilin, Roman"]
[Black "Kistella, Roman"]
[Result "0-1"]
[WhiteElo "2319"]
[BlackElo "2026"]
[PlyCount "62"]
[EventDate "2020.04.18"]
[EventType "swiss (blitz)"]
[EventRounds "13"]
[EventCountry "GER"]
[SourceTitle "CBM 195 Extra"]
[Source "ChessBase"]
[SourceDate "2020.05.31"]
[SourceVersion "1"]
[SourceVersionDate "2020.05.31"]
[SourceQuality "1"]

1. d4 d5 2. Nf3 Nf6 3. c3 e6 4. Bg5 Be7 5. e3 0-0 6. Nbd2 b6 7. Bd3 c5 8. Ne5 Bb7 9. 0-0 Nbd7 10. f4 Ne4 11. Bxe7 Qxe7 12. Ndf3 Nd6 13. Nxd7 Qxd7 14. Bxh7+ Kxh7 15. Ng5+ Kg6 16. Qg4 f5 17. Qg3 Kf6 18. Qh4 Rh8 19. Nh7+ Kg6 20. g4 Rxh7 21. Qg5+ Kf7 22. h4 Qe7 23. Kg2 Rxh4 24. Qxe7+ Kxe7 25. g5 Rah8 26. Rh1 Rxh1 27. Rxh1 Rxh1 28. Kxh1 Kf7 29. Kg2 Kg6 30. Kg3 Kh5 31. Kh3 Ba6 0-1

[Event "GER-ch Net Amateur Gr-A Final"]
[Site "Playchess.com INT"]
[Date "2020.04.18"]
[Round "1"]
[White "Kistella, Roman"]
[Black "Scheftlein, Richard"]
[Result "1-0"]
[WhiteElo "2026"]
[BlackElo "2157"]
[PlyCount "101"]
[EventDate "2020.04.18"]
[EventType "swiss (blitz)"]
[EventRounds "13"]
[EventCountry "GER"]
[SourceTitle "CBM 195 Extra"]
[Source "ChessBase"]
[SourceDate "2020.05.31"]
[SourceVersion "1"]
[SourceVersionDate "2020.05.31"]
[SourceQuality "1"]

1. d4 Nf6 2. Nf3 e6 3. c4 d5 4. Nc3 Bb4 5. Qa4+ Nc6 6. e3 0-0 7. Bd2 a6 8. Qc2 dxc4 9. Bxc4 Bd6 10. Rd1 e5 11. dxe5 Nxe5 12. Nxe5 Bxe5 13. f4 Bxc3 14. Bxc3 Qe7 15. 0-0 b5 16. Bd3 c5 17. Bxf6 Qxf6 18. Bxh7+ Kh8 19. Be4 Rb8 20. Qxc5 Bg4 21. Rd6 Rbc8 22. Rxf6 Rxc5 23. Rxa6 Re8 24. Rc6 Rh5 25. Bf3 Bxf3 26. Rxf3 Rd5 27. Rc2 b4 28. Kf2 Ra8 29. b3 Rd1 30. Kg3 Re1 31. Kf2 Ra1 32. g4 R8xa2 33. Rxa2 Rxa2+ 34. Kg3 Rb2 35. e4 f6 36. Re3 Kg8 37. h4 Kf7 38. g5 Ke6 39. gxf6 gxf6 40. Kg4 f5+ 41. exf5+ Kf6 42. Re6+ Kf7 43. Rb6 Rxb3 44. h5 Rb1 45. f6 b3 46. Kf5 b2 47. Rb7+ Kf8 48. h6 Kg8 49. h7+ Kh8 50. f7 Kg7 51. h8Q+ 1-0

[Event "GER-ch Net Amateur Gr-A Final"]
[Site "Playchess.com INT"]
[Date "2020.04.18"]
[Round "4"]
[White "Peschlow, Patrick"]
[Black "Kistella, Roman"]
[Result "1-0"]
[WhiteElo "2175"]
[BlackElo "2026"]
[PlyCount "119"]
[EventDate "2020.04.18"]
[EventType "swiss (blitz)"]
[EventRounds "13"]
[EventCountry "GER"]
[SourceTitle "CBM 195 Extra"]
[Source "ChessBase"]
[SourceDate "2020.05.31"]
[SourceVersion "1"]
[SourceVersionDate "2020.05.31"]
[SourceQuality "1"]

1. f4 d5 2. b3 Bg4 3. Bb2 Nf6 4. Nf3 Bxf3 5. exf3 e6 6. Nc3 Bd6 7. g3 c6 8. Bd3 Nbd7 9. Qe2 Nc5 10. 0-0-0 Qe7 11. Rde1 Nxd3+ 12. Qxd3 Ba3 13. f5 Bxb2+ 14. Kxb2 0-0-0 15. fxe6 fxe6 16. Qe2 Rhe8 17. d4 Qf7 18. Qd3 g6 19. Re2 Rf8 20. Rhe1 Rde8 21. Nd1 Nh5 22. Re3 Ng7 23. Nf2 h5 24. Nh3 Qf5 25. Nf4 g5 26. Ng6 Rf6 27. Ne5 Ref8 28. Qc3 Kc7 29. Qa5+ Kb8 30. Nd7+ Ka8 31. Nxf8 Rxf8 32. Qc7 Qf6 33. Qe5 Qxe5 34. Rxe5 Rxf3 35. Rxg5 Rf7 36. Re3 a6 37. Rg6 Kb8 38. Kc3 Kc7 39. Re5 Kd6 40. Reg5 Nf5 41. Rxh5 Ne3 42. Kd3 Nd1 43. Rhh6 Re7 44. a4 Nf2+ 45. Ke3 Ne4 46. h4 Kd7 47. Rh5 Nd6 48. g4 Rf7 49. Re5 Re7 50. Reg5 Rf7 51. Rg7 Ke7 52. Rxf7+ Kxf7 53. Rh5 Kf6 54. Kf4 a5 55. Rh6+ Ke7 56. Rh7+ Kf6 57. Rd7 Ne4 58. h5 b5 59. h6 Kg6 60. h7 1-0

[Event "GER-ch Net Amateur Gr-A Vor3"]
[Site "Playchess.com INT"]
[Date "2020.04.16"]
[Round "1"]
[White "Kistella, Roman"]
[Black "Gottschalk, Siegfried"]
[Result "1-0"]
[WhiteElo "2027"]
[BlackElo "1798"]
[PlyCount "55"]
[EventDate "2020.04.16"]
[EventType "swiss (blitz)"]
[EventRounds "9"]
[EventCountry "GER"]
[SourceTitle "CBM 195 Extra"]
[Source "ChessBase"]
[SourceDate "2020.05.31"]
[SourceVersion "1"]
[SourceVersionDate "2020.05.31"]
[SourceQuality "1"]

1. d4 Nf6 2. Nf3 e6 3. c4 c5 4. d5 b5 5. dxe6 fxe6 6. cxb5 d5 7. Nc3 Be7 8. e4 d4 9. e5 dxc3 10. Qxd8+ Bxd8 11. exf6 Bxf6 12. Rb1 Bb7 13. bxc3 Bxc3+ 14. Bd2 Bf6 15. Be2 0-0 16. 0-0 Nd7 17. a4 Rad8 18. Be3 Bd4 19. Nxd4 cxd4 20. Bxd4 e5 21. Be3 Rf6 22. Rfd1 Rg6 23. g3 Kf8 24. Bxa7 Ke7 25. Be3 h5 26. Bxh5 Re6 27. a5 Nf6 28. Bc5+ 1-0

[Event "GER-ch Net Amateur Gr-A Vor2"]
[Site "Playchess.com INT"]
[Date "2020.04.15"]
[Round "5"]
[White "Kistella, Roman"]
[Black "Krasov, Oleksi"]
[Result "1-0"]
[WhiteElo "2065"]
[BlackElo "1832"]
[PlyCount "71"]
[EventDate "2020.04.15"]
[EventType "swiss (blitz)"]
[EventRounds "9"]
[EventCountry "GER"]
[SourceTitle "CBM 196 Extra"]
[Source "ChessBase"]
[SourceDate "2020.07.31"]
[SourceVersion "1"]
[SourceVersionDate "2020.07.31"]
[SourceQuality "1"]

1. d4 d5 2. c4 e6 3. Nf3 Nf6 4. Nc3 Nbd7 5. Bg5 c6 6. e3 Qa5 7. Nd2 Bb4 8. Qc2 0-0 9. Bxf6 Nxf6 10. Bd3 c5 11. dxc5 dxc4 12. Nxc4 Qxc5 13. Rc1 Bd7 14. 0-0 Bxc3 15. Qxc3 Bc6 16. Ne5 Qxc3 17. Rxc3 Bd5 18. b3 Rac8 19. Rfc1 Rxc3 20. Rxc3 Rd8 21. f3 Ne8 22. e4 f6 23. exd5 fxe5 24. dxe6 Kf8 25. Bxh7 Ke7 26. Bg6 Kxe6 27. Bxe8 Rxe8 28. Rc7 Kf6 29. Rxb7 Ra8 30. Kf2 a5 31. Ke3 Ra6 32. Rb5 g6 33. a4 Ke6 34. Ke4 Kd6 35. Rd5+ Ke6 36. Rxe5+ 1-0

[Event "GER-ch Net Amateur Gr-A Vor2"]
[Site "Playchess.com INT"]
[Date "2020.04.15"]
[Round "9"]
[White "Kistella, Roman"]
[Black "Roelle, Philipp"]
[Result "1-0"]
[WhiteElo "2065"]
[BlackElo "1906"]
[PlyCount "165"]
[EventDate "2020.04.15"]
[EventType "swiss (blitz)"]
[EventRounds "9"]
[EventCountry "GER"]
[SourceTitle "CBM 196 Extra"]
[Source "ChessBase"]
[SourceDate "2020.07.31"]
[SourceVersion "1"]
[SourceVersionDate "2020.07.31"]
[SourceQuality "1"]

1. d4 Nf6 2. Nf3 d6 3. Nc3 c6 4. h3 g6 5. e4 b5 6. Bd3 a6 7. Bf4 Bg7 8. Qd2 h6 9. 0-0-0 Bb7 10. e5 dxe5 11. dxe5 Nd5 12. Be4 e6 13. Bxd5 cxd5 14. Ne4 Qc7 15. Nd6+ Kf8 16. Qb4 Kg8 17. Rd3 Nc6 18. Qc5 Rb8 19. Rc3 Ba8 20. Re1 Kh7 21. Kb1 b4 22. Rce3 Rhd8 23. h4 Kg8 24. R3e2 Qb6 25. Qxb6 Rxb6 26. g4 Na5 27. b3 Bc6 28. Be3 Rbb8 29. Bd4 Bb5 30. Re3 Nc6 31. Bb2 a5 32. Nd4 Nxd4 33. Bxd4 Bf8 34. Bb2 Ra8 35. Nxb5 a4 36. f4 axb3 37. axb3 Ra5 38. Nd4 Rc8 39. Rd3 Rac5 40. Re2 Bg7 41. Nf3 R5c6 42. f5 gxf5 43. gxf5 exf5 44. Nd4 Rg6 45. Rd1 f4 46. Nf5 Re8 47. Rf2 Bxe5 48. Bxe5 Rxe5 49. Rxf4 Kf8 50. Nd4 Rg2 51. Rdf1 Re7 52. Rf5 Rd7 53. h5 Ke8 54. Re5+ Kd8 55. Re2 Rg5 56. Rh2 Kc7 57. Rf6 Rg4 58. Nb5+ Kb7 59. Rxh6 Re7 60. Kb2 Rg1 61. Nd4 Ree1 62. c3 Rb1+ 63. Kc2 Rgc1+ 64. Kd2 bxc3+ 65. Kd3 Rd1+ 66. Kxc3 Rbc1+ 67. Nc2 Rg1 68. Rd2 Rg3+ 69. Kb4 Rb1 70. Nd4 Rg4 71. Rh7 Kc8 72. Kc5 Rc1+ 73. Kxd5 Kd7 74. Rxf7+ Ke8 75. Ra7 Rg5+ 76. Ke4 Rg4+ 77. Kd3 Rg3+ 78. Ke4 Rg4+ 79. Kf5 Rg3 80. Re2+ Kd8 81. Ne6+ Kc8 82. Rc7+ Kb8 83. Rxc1 1-0

[Event "GER-ch Net Amateur Gr-A Vor2"]
[Site "Playchess.com INT"]
[Date "2020.04.15"]
[Round "2"]
[White "Lauer, Marius"]
[Black "Kistella, Roman"]
[Result "1-0"]
[WhiteElo "1888"]
[BlackElo "2065"]
[PlyCount "137"]
[EventDate "2020.04.15"]
[EventType "swiss (blitz)"]
[EventRounds "9"]
[EventCountry "GER"]
[SourceTitle "CBM 196 Extra"]
[Source "ChessBase"]
[SourceDate "2020.07.31"]
[SourceVersion "1"]
[SourceVersionDate "2020.07.31"]
[SourceQuality "1"]

1. c4 e6 2. g3 d5 3. b3 Nf6 4. Bg2 Be7 5. Bb2 0-0 6. Nf3 b6 7. 0-0 Bb7 8. d3 c5 9. Nbd2 Nc6 10. Ne5 Qc7 11. Nxc6 Bxc6 12. Rc1 Qb7 13. cxd5 Nxd5 14. Nc4 f6 15. Qd2 Rad8 16. Rfd1 Nb4 17. Bxc6 Nxc6 18. Qe3 Qd7 19. h4 e5 20. a4 Rfe8 21. Na3 Nd4 22. Rb1 Nxb3 23. Bxe5 Nd4 24. Bxd4 cxd4 25. Qc1 Bxa3 26. Qxa3 Rxe2 27. a5 Qe6 28. axb6 axb6 29. Qb3 Qxb3 30. Rxb3 Rd6 31. Rdb1 Rd2 32. Kg2 Kf7 33. Kf3 h5 34. Ke4 Rxf2 35. Rxb6 Re2+ 36. Kf4 Rxb6 37. Rxb6 Kg6 38. Rd6 Re1 39. Rxd4 Rf1+ 40. Ke3 Re1+ 41. Kf2 Rb1 42. Re4 Rb2+ 43. Kf3 Rb1 44. Re2 Rf1+ 45. Rf2 Rd1 46. Ke4 Re1+ 47. Kd5 Rd1 48. d4 Kf7 49. Rf3 Ke7 50. Re3+ Kd7 51. Ra3 Rg1 52. Ra7+ Ke8 53. Rxg7 Kf8 54. Rh7 Rxg3 55. Rxh5 Kf7 56. Kd6 Ra3 57. Rc5 Rh3 58. h5 Rh4 59. Rd5 Ke8 60. Ke6 f5 61. Rxf5 Rxd4 62. Kf6 Rd6+ 63. Kg7 Rd7+ 64. Kg8 Rd6 65. Re5+ Kd7 66. Kg7 Rd1 67. Rg5 Ke6 68. h6 Rd7+ 69. Kg6 1-0

[Event "GER-ch Net Amateur Gr-A Vor2"]
[Site "Playchess.com INT"]
[Date "2020.04.15"]
[Round "4"]
[White "Lippert, Daniel"]
[Black "Kistella, Roman"]
[Result "0-1"]
[WhiteElo "1776"]
[BlackElo "2065"]
[PlyCount "76"]
[EventDate "2020.04.15"]
[EventType "swiss (blitz)"]
[EventRounds "9"]
[EventCountry "GER"]
[SourceTitle "CBM 196 Extra"]
[Source "ChessBase"]
[SourceDate "2020.07.31"]
[SourceVersion "1"]
[SourceVersionDate "2020.07.31"]
[SourceQuality "1"]

1. e4 e6 2. d4 d5 3. Nc3 dxe4 4. Nxe4 Nd7 5. Nf3 Ngf6 6. Bg5 Be7 7. Nxf6+ Nxf6 8. Bd3 b6 9. Bb5+ Bd7 10. Qe2 0-0 11. Bxd7 Qxd7 12. 0-0-0 Rfd8 13. Bxf6 Bxf6 14. g4 Qd5 15. Kb1 g6 16. h4 c5 17. g5 Bg7 18. h5 cxd4 19. hxg6 hxg6 20. Nd2 d3 21. cxd3 Qxd3+ 22. Qxd3 Rxd3 23. Ne4 Rad8 24. Rxd3 Rxd3 25. Rc1 Be5 26. Nf6+ Kg7 27. Ng4 Bf4 28. Rg1 Bxg5 29. Ne5 Rd5 30. Rxg5 Kf6 31. Rg3 Rxe5 32. Rc3 Re1+ 33. Kc2 Re2+ 34. Kb3 Rxf2 35. Rc7 g5 36. Rxa7 g4 37. Rb7 g3 38. Rxb6 g2 0-1

[Event "GER-ch Net Amateur Gr-A Vor1"]
[Site "Playchess.com INT"]
[Date "2020.04.14"]
[Round "9"]
[White "Kistella, Roman"]
[Black "Mohammadi Nia, Borna"]
[Result "1-0"]
[WhiteElo "2043"]
[BlackElo "2149"]
[PlyCount "47"]
[EventDate "2020.04.14"]
[EventType "swiss (blitz)"]
[EventRounds "9"]
[EventCountry "GER"]
[SourceTitle "EXT 2021"]
[Source "ChessBase"]
[SourceDate "2020.10.23"]
[SourceVersion "1"]
[SourceVersionDate "2020.10.23"]
[SourceQuality "1"]

1. d4 Nf6 2. Nf3 g6 3. Nc3 d5 4. Bf4 Bg7 5. e3 a6 6. Be2 0-0 7. Ne5 c5 8. h4 Nc6 9. h5 cxd4 10. exd4 Ne4 11. Nxc6 bxc6 12. Nxe4 dxe4 13. c3 Qb6 14. Qb3 Qa5 15. Bc4 Bf5 16. 0-0-0 e5 17. dxe5 Rab8 18. Qc2 Bxe5 19. Be3 Bg4 20. hxg6 Bxd1 21. gxf7+ Kg7 22. Qxd1 Rxb2 23. Qg4+ Kh8 24. Qg8+ 1-0

[Event "GER-ch Net Amateur Gr-A Vor1"]
[Site "Playchess.com INT"]
[Date "2020.04.14"]
[Round "3"]
[White "Wierzbicki, Jirawat"]
[Black "Kistella, Roman"]
[Result "1/2-1/2"]
[WhiteElo "1620"]
[BlackElo "2032"]
[PlyCount "133"]
[EventDate "2020.04.14"]
[EventType "swiss (blitz)"]
[EventRounds "9"]
[EventCountry "GER"]
[SourceTitle "EXT 2021"]
[Source "ChessBase"]
[SourceDate "2020.10.23"]
[SourceVersion "1"]
[SourceVersionDate "2020.10.23"]
[SourceQuality "1"]

1. e4 e6 2. d4 d5 3. Nd2 dxe4 4. Nxe4 Nd7 5. Nf3 Ngf6 6. Nxf6+ Nxf6 7. Bd3 Be7 8. c3 0-0 9. 0-0 b6 10. Ne5 Bb7 11. Qe2 c5 12. dxc5 Bxc5 13. Rd1 Qc7 14. Bf4 Rad8 15. Bg5 Rd5 16. Bxf6 gxf6 17. Ng4 Qf4 18. g3 Qg5 19. h4 Qg7 20. b4 f5 21. bxc5 fxg4 22. cxb6 axb6 23. Rab1 Re5 24. Qc2 Bf3 25. Re1 Rc8 26. c4 h6 27. Be4 Rec5 28. Bxf3 gxf3 29. Qd3 Rxc4 30. Qxf3 Rc3 31. Qf4 Rc2 32. Rxb6 Rxa2 33. Rb8 Rac2 34. Rxc8+ Rxc8 35. Rd1 Rf8 36. Qe4 Qg6 37. Qf4 Kg7 38. Qf3 Qf6 39. Qe3 Kh7 40. Rd4 Rg8 41. Rf4 Qg6 42. Qf3 Rg7 43. h5 Qg5 44. Rxf7 Qc1+ 45. Kg2 Qg5 46. Rxg7+ Qxg7 47. Qe4+ Kh8 48. Qxe6 Qb7+ 49. Kh2 Qg7 50. Qe8+ Kh7 51. Qe4+ Kh8 52. Kg2 Qg5 53. Qe8+ Kh7 54. Qf7+ Kh8 55. f4 Qc5 56. Qe8+ Kg7 57. Qg6+ Kh8 58. Qxh6+ Kg8 59. Qe6+ Kh7 60. Qg6+ Kh8 61. h6 Qf2+ 62. Kh3 Qh2+ 63. Kg4 Qxg3+ 64. Kf5 Qxf4+ 65. Ke6 Qd6+ 66. Kf7 Qe7+ 67. Kxe7 1/2-1/2

[Event "NRW Class1 1819"]
[Site "Germany"]
[Date "2019.02.17"]
[Round "6.2"]
[White "Kistella, Roman"]
[Black "Knudsen, Simon"]
[Result "1-0"]
[WhiteElo "2223"]
[BlackElo "2151"]
[PlyCount "65"]
[EventDate "2018.09.16"]
[EventType "team-tourn"]
[EventRounds "9"]
[EventCountry "GER"]
[SourceTitle "EXT 2022"]
[Source "ChessBase"]
[SourceDate "2021.10.06"]
[SourceVersion "1"]
[SourceVersionDate "2021.10.06"]
[SourceQuality "1"]
[WhiteTeam "Krefelder Turm"]
[BlackTeam "Brackel SF"]
[WhiteTeamCountry "GER"]
[BlackTeamCountry "GER"]

1. d4 g6 2. e4 Bg7 3. Nf3 d6 4. Be2 Nf6 5. Nc3 a6 6. 0-0 0-0 7. h3 Nc6 8. d5 Ne5 9. Nd4 c5 10. dxc6 bxc6 11. f4 Ned7 12. Kh1 Qc7 13. Nf3 Rb8 14. Qe1 e5 15. fxe5 Nxe5 16. Nxe5 dxe5 17. b3 a5 18. Qh4 Nd7 19. Ba3 c5 20. Nd5 Qb7 21. Bc4 Kh8 22. Rad1 a4 23. Bc1 axb3 24. axb3 Nb6 25. Nxb6 Qxb6 26. Rxf7 Rxf7 27. Bxf7 Ba6 28. Bxg6 Qxg6 29. Rd8+ Rxd8 30. Qxd8+ Bf8 31. Qxf8+ Qg8 32. Qf6+ Qg7 33. Qxa6 1-0

[Event "NRW Class1 1819"]
[Site "Germany"]
[Date "2018.11.18"]
[Round "3.2"]
[White "Wagner, Alexej"]
[Black "Kistella, Roman"]
[Result "1-0"]
[WhiteElo "2280"]
[BlackElo "2223"]
[PlyCount "219"]
[EventDate "2018.09.16"]
[EventType "team-tourn"]
[EventRounds "9"]
[EventCountry "GER"]
[SourceTitle "EXT 2022"]
[Source "ChessBase"]
[SourceDate "2021.10.06"]
[SourceVersion "1"]
[SourceVersionDate "2021.10.06"]
[SourceQuality "1"]
[WhiteTeam "Lippstadt Turm"]
[BlackTeam "Krefelder Turm"]
[WhiteTeamCountry "GER"]
[BlackTeamCountry "GER"]

1. d4 d5 2. c4 e6 3. Nc3 Nf6 4. Bg5 Nbd7 5. cxd5 exd5 6. e3 c6 7. Bd3 Be7 8. Qc2 h6 9. Bh4 Nh5 10. Bxe7 Qxe7 11. Nge2 Nb6 12. h3 Bd7 13. 0-0-0 Nf6 14. Kb1 0-0-0 15. Rc1 Kb8 16. Nf4 Rc8 17. Ka1 Rhd8 18. Qb3 g5 19. Nfe2 Be6 20. Na4 Nxa4 21. Qxa4 Ne4 22. Rhf1 Rc7 23. Qc2 Nd6 24. Qc5 Qd7 25. Rc2 Bf5 26. Nc1 Ne4 27. Qb4 Ka8 28. Nb3 b6 29. Rd1 Be6 30. Rdc1 Nd6 31. Nd2 Bf5 32. Bxf5 Nxf5 33. a4 Qe7 34. Qxe7 Nxe7 35. h4 g4 36. Nf1 Kb7 37. Ng3 Rd6 38. Rf1 Re6 39. Ne2 Nf5 40. Nf4 Ree7 41. g3 Ng7 42. Rfc1 Ne6 43. Nh5 f5 44. b4 Rf7 45. Kb2 Rf8 46. Rc3 Rfc8 47. R1c2 Rf8 48. Rc1 Rfc8 49. R3c2 Rf8 50. Ka3 Rfc8 51. Kb2 Rf8 52. Rd1 Rd8 53. f3 Ng7 54. fxg4 fxg4 55. Nxg7 Rxg7 56. Rf1 Rd6 57. Kc3 Re6 58. Kd3 Rge7 59. Re2 Kc7 60. Rf4 h5 61. Rf5 Kd6 62. Rxh5 Rf6 63. Rg5 Re4 64. h5 c5 65. bxc5+ bxc5 66. Re5 Rxe5 67. dxe5+ Kxe5 68. Rh2 Rh6 69. a5 c4+ 70. Ke2 Kf5 71. Rh1 Kg5 72. Rd1 Rd6 73. Rd4 Kxh5 74. e4 Kg6 75. exd5 Kf5 76. Ke3 c3 77. Kd3 c2 78. Kxc2 Ke5 79. Rxg4 Kxd5 80. Kc3 Kc6 81. Kc4 Kb7 82. Rg5 Ka6 83. g4 Rd1 84. Rf5 Rg1 85. Rg5 Rd1 86. Rd5 Rg1 87. g5 Rg4+ 88. Kd3 Kb7 89. Ke3 Kc6 90. Rf5 Kd6 91. Kf3 Rg1 92. Kf4 Ke7 93. Rc5 Kf7 94. Kf5 Rf1+ 95. Ke5 Rd1 96. Rd5 Rc1 97. Kd6 Kg6 98. Rc5 Re1 99. Kc6 Re7 100. Kb5 Rb7+ 101. Ka6 Re7 102. Rb5 Rd7 103. Rb7 Rd6+ 104. Kxa7 Kxg5 105. a6 Rd8 106. Rc7 Kf5 107. Kb7 Rd1 108. a7 Rb1+ 109. Kc8 Ra1 110. Kb8 1-0

[Event "NRW Class1 1819"]
[Site "Germany"]
[Date "2018.09.16"]
[Round "1.2"]
[White "Mikeladze, Berdia"]
[Black "Kistella, Roman"]
[Result "1-0"]
[WhiteElo "1963"]
[BlackElo "2199"]
[PlyCount "75"]
[EventDate "2018.09.16"]
[EventType "team-tourn"]
[EventRounds "9"]
[EventCountry "GER"]
[SourceTitle "EXT 2022"]
[Source "ChessBase"]
[SourceDate "2021.10.06"]
[SourceVersion "1"]
[SourceVersionDate "2021.10.06"]
[SourceQuality "1"]
[WhiteTeam "Nienberge"]
[BlackTeam "Krefelder Turm"]
[WhiteTeamCountry "GER"]
[BlackTeamCountry "GER"]

1. Nf3 Nf6 2. d4 d5 3. e3 c6 4. Bd3 Bg4 5. 0-0 e6 6. c4 Nbd7 7. cxd5 exd5 8. b3 a5 9. h3 Bh5 10. Nbd2 Bd6 11. e4 dxe4 12. Nxe4 Nxe4 13. Bxe4 0-0 14. Qd3 Bg6 15. Bxg6 hxg6 16. Bg5 Nf6 17. Rad1 Bc7 18. Qc4 Qd5 19. Bxf6 gxf6 20. Qxd5 cxd5 21. Ne1 Rfe8 22. Nd3 Rad8 23. a4 Bb6 24. Rfe1 Rxe1+ 25. Nxe1 Rc8 26. Kf1 Kf8 27. Ke2 Ke7 28. Kd3 Kd6 29. Nc2 Re8 30. Re1 Rh8 31. Rh1 f5 32. Re1 Bd8 33. Na3 Bf6 34. Nb5+ Kd7 35. Rc1 Rc8 36. Rxc8 Kxc8 37. Nd6+ Kd7 38. Nxb7 1-0

[Event "Oberliga NRW 1213"]
[Site "Germany"]
[Date "2013.02.17"]
[Round "6.3"]
[White "Babar, Michael"]
[Black "Kistella, Roman"]
[Result "1/2-1/2"]
[WhiteElo "2141"]
[BlackElo "2253"]
[PlyCount "92"]
[EventDate "2012.09.16"]
[EventType "team-tourn"]
[EventRounds "9"]
[EventCountry "GER"]
[SourceTitle "EXT 2017"]
[Source "ChessBase"]
[SourceDate "2016.10.25"]
[SourceVersion "1"]
[SourceVersionDate "2016.10.25"]
[SourceQuality "1"]
[WhiteTeam "Dortmund Hansa II"]
[BlackTeam "Duisburg PSV"]
[WhiteTeamCountry "GER"]
[BlackTeamCountry "GER"]

1. e4 c5 2. Nf3 d6 3. Bb5+ Bd7 4. Bxd7+ Qxd7 5. c4 Nf6 6. Nc3 e6 7. 0-0 Be7 8. d4 cxd4 9. Nxd4 a6 10. Be3 Qc7 11. Qe2 0-0 12. Rac1 Nbd7 13. b3 b6 14. Rfd1 Rfe8 15. f3 Qb7 16. Bf2 Bf8 17. Qd2 h6 18. Rc2 Rad8 19. Qc1 Ne5 20. Rcd2 Rc8 21. Qb2 Rc7 22. a4 Ng6 23. Nde2 Rd7 24. Qb1 Red8 25. Qc2 Qc7 26. Qb1 Be7 27. Be3 d5 28. exd5 Bc5 29. Bxc5 Qxc5+ 30. Kh1 exd5 31. cxd5 Nxd5 32. Ne4 Qc7 33. Qa1 f5 34. N4g3 Ne3 35. Rxd7 Rxd7 36. Rxd7 Qxd7 37. Qd4 Qxd4 38. Nxd4 Nh4 39. Nge2 Nexg2 40. Nxf5 Nxf5 41. Kxg2 Kf7 42. Nf4 b5 43. axb5 axb5 44. Nd5 Nd4 45. b4 Ke6 46. Nc3 Ke5 1/2-1/2

[Event "Oberliga NRW 1213"]
[Site "Germany"]
[Date "2012.12.16"]
[Round "4.3"]
[White "Tereick, Benjamin"]
[Black "Kistella, Roman"]
[Result "1-0"]
[WhiteElo "2373"]
[BlackElo "2253"]
[PlyCount "63"]
[EventDate "2012.09.16"]
[EventType "team-tourn"]
[EventRounds "9"]
[EventCountry "GER"]
[SourceTitle "EXT 2017"]
[Source "ChessBase"]
[SourceDate "2016.10.25"]
[SourceVersion "1"]
[SourceVersionDate "2016.10.25"]
[SourceQuality "1"]
[WhiteTeam "Bochum Wattenscheid II"]
[BlackTeam "Duisburg PSV"]
[WhiteTeamCountry "GER"]
[BlackTeamCountry "GER"]

1. Nf3 c5 2. c4 Nf6 3. Nc3 e6 4. e4 Nc6 5. Be2 a6 6. 0-0 Qc7 7. Re1 Bd6 8. g3 b6 9. d4 cxd4 10. Nxd4 Nxd4 11. Qxd4 Be5 12. Qd3 0-0 13. Bd2 Bb7 14. Bf1 Rfd8 15. Rac1 Rac8 16. b4 Qb8 17. f4 Bc7 18. e5 Ne8 19. Qe2 d6 20. f5 dxe5 21. fxe6 Nf6 22. Bh3 Ba8 23. exf7+ Kf8 24. Bg5 Qb7 25. Nd5 b5 26. Bxf6 gxf6 27. Qg4 Rxd5 28. cxd5 Rd8 29. Qg8+ Ke7 30. f8Q+ Rxf8 31. Qe6+ Kd8 32. Qd7# 1-0

[Event "Oberliga NRW 1213"]
[Site "Germany"]
[Date "2012.10.21"]
[Round "2.2"]
[White "Kistella, Roman"]
[Black "Rosen, Bernd"]
[Result "1/2-1/2"]
[WhiteElo "2253"]
[BlackElo "2255"]
[PlyCount "94"]
[EventDate "2012.09.16"]
[EventType "team-tourn"]
[EventRounds "9"]
[EventCountry "GER"]
[SourceTitle "EXT 2017"]
[Source "ChessBase"]
[SourceDate "2016.10.25"]
[SourceVersion "1"]
[SourceVersionDate "2016.10.25"]
[SourceQuality "1"]
[WhiteTeam "Duisburg PSV"]
[BlackTeam "Katernberg II"]
[WhiteTeamCountry "GER"]
[BlackTeamCountry "GER"]

1. d4 Nf6 2. c4 c5 3. d5 e5 4. Nc3 d6 5. e4 Nbd7 6. g3 g6 7. Bh3 a6 8. a4 b6 9. Nf3 Bg7 10. Qe2 0-0 11. Bg5 h6 12. Bd2 Ne8 13. Nh4 Nc7 14. 0-0 Nf6 15. Bxc8 Rxc8 16. f3 Kh7 17. Rfb1 Nd7 18. Kh1 Qe7 19. Be1 Rb8 20. Bf2 Bf6 21. Ng2 h5 22. b4 Bg5 23. Ra2 cxb4 24. Rxb4 a5 25. Rb1 Na6 26. Rab2 Nb4 27. Na2 Nxa2 28. Rxa2 Nc5 29. Qc2 Qc7 30. Rab2 Rfc8 31. Be3 Bxe3 32. Nxe3 Na6 33. g4 Nb4 34. Qd2 h4 35. g5 Qe7 36. Rg1 f6 37. Ng4 fxg5 38. Nf2 Rxc4 39. Nh3 Rbc8 40. Nxg5+ Kh8 41. Qf2 Nd3 42. Qxh4+ Kg8 43. Rxb6 Rc1 44. Rb1 R1c2 45. Rbf1 Nf4 46. Rf2 Rc1 47. Rff1 R1c2 1/2-1/2

[Event "Oberliga NRW 1213"]
[Site "Germany"]
[Date "2012.09.16"]
[Round "1.3"]
[White "Kistella, Roman"]
[Black "Kipper, Jens"]
[Result "0-1"]
[WhiteElo "2253"]
[BlackElo "2326"]
[PlyCount "110"]
[EventDate "2012.09.16"]
[EventType "team-tourn"]
[EventRounds "9"]
[EventCountry "GER"]
[SourceTitle "EXT 2017"]
[Source "ChessBase"]
[SourceDate "2016.10.25"]
[SourceVersion "1"]
[SourceVersionDate "2016.10.25"]
[SourceQuality "1"]
[WhiteTeam "Duisburg PSV"]
[BlackTeam "Koeln Porz II"]
[WhiteTeamCountry "GER"]
[BlackTeamCountry "GER"]

1. d4 e6 2. Nf3 Nf6 3. c4 d5 4. Nc3 Bb4 5. e3 0-0 6. Bd3 c5 7. 0-0 Nc6 8. a3 Bxc3 9. bxc3 Qc7 10. Qc2 Na5 11. Ne5 b6 12. cxd5 exd5 13. Bb2 Re8 14. Rae1 c4 15. Bf5 Rxe5 16. dxe5 Qxe5 17. Bxc8 Rxc8 18. f3 Nb3 19. Bc1 Nc5 20. Bd2 Re8 21. Rb1 Nfd7 22. a4 Nb3 23. Rxb3 cxb3 24. Qxb3 Rc8 25. Qb5 Qd6 26. Rd1 h6 27. Be1 Nf6 28. Qd3 Qe5 29. Qd4 Qe6 30. a5 Rc4 31. Qd3 b5 32. Rb1 Qa6 33. Ra1 Qc6 34. Rb1 a6 35. Rb4 Qc7 36. Rxc4 bxc4 37. Qf5 Qxa5 38. Qc8+ Kh7 39. Qf5+ Kh8 40. Qc8+ Kh7 41. Qf5+ Kh8 42. Qc8+ Ng8 43. e4 Qb6+ 44. Kf1 Qe6 45. Qxe6 fxe6 46. exd5 exd5 47. Ke2 Ne7 48. Bg3 Kg8 49. Bc7 Kf7 50. Kd2 Nc6 51. Bd6 d4 52. Bc5 d3 53. Bb6 a5 54. Bc5 a4 55. Ba3 Na7 0-1